[Event "Barcelona Sant Marti op 10th"]
[Site "Barcelona"]
[Date "2023.02.16"]
[Round "6"]
[White "Gomez Parla, Josep"]
[Black "Onate Diaz, Manuel"]
[Result "1-0"]
[WhiteElo "1682"]
[BlackElo "1357"]
[PlyCount "75"]
[EventDate "2023.01.12"]
[EventType "swiss"]
[EventRounds "9"]
[EventCountry "ESP"]
[SourceTitle "CBM 213 Extra"]
[Source "ChessBase"]
[SourceDate "2023.05.31"]
[SourceVersion "1"]
[SourceVersionDate "2023.05.31"]
[SourceQuality "1"]

1. e4 g6 2. d4 Bg7 3. f4 d6 4. Nf3 a6 5. Bc4 e6 6. 0-0 b5 7. Bd3 Bb7 8. Be3 Nd7 9. e5 Ne7 10. Nc3 d5 11. g4 Rc8 12. Ne2 c5 13. c3 c4 14. Bc2 h5 15. h3 hxg4 16. hxg4 Bh6 17. Ng3 Nf8 18. Kf2 Kd7 19. a4 Nc6 20. axb5 axb5 21. Rh1 f6 22. exf6 Qxf6 23. g5 Bxg5 24. Nxg5 e5 25. Qg4+ Kc7 26. Rxh8 Qxh8 27. Rh1 Qf6 28. Nh7 Qf7 29. Bxg6 Nxg6 30. f5 Kb8 31. Qxg6 Qc7 32. Nf6 exd4 33. cxd4 Nxd4 34. Rh7 Qa5 35. Bxd4 Qd2+ 36. Ne2 Ka8 37. Qf7 Rb8 38. Nd7 1-0

[Event "Barcelona Sant Marti op 10th"]
[Site "Barcelona"]
[Date "2023.02.02"]
[Round "4"]
[White "Sviridenko, Yaroslav"]
[Black "Gomez Parla, Josep"]
[Result "1-0"]
[WhiteElo "1877"]
[BlackElo "1682"]
[PlyCount "113"]
[EventDate "2023.01.12"]
[EventType "swiss"]
[EventRounds "9"]
[EventCountry "ESP"]
[SourceTitle "CBM 213 Extra"]
[Source "ChessBase"]
[SourceDate "2023.05.31"]
[SourceVersion "1"]
[SourceVersionDate "2023.05.31"]
[SourceQuality "1"]

1. e4 g6 2. d4 Bg7 3. Nc3 d6 4. f4 Nf6 5. Nf3 c5 6. dxc5 Qa5 7. Bd3 Qxc5 8. Qe2 0-0 9. Be3 Qa5 10. 0-0 Nc6 11. h3 Bd7 12. a3 a6 13. b4 Qc7 14. Nd5 Nxd5 15. exd5 Na7 16. Bd4 Bxd4+ 17. Nxd4 Qb6 18. Qf2 Nb5 19. Bxb5 Bxb5 20. Rfe1 Rae8 21. Nxb5 Qxb5 22. Rad1 Qd7 23. Qd4 b5 24. c4 bxc4 25. Qxc4 Qa7+ 26. Qd4 Ra8 27. Qxa7 Rxa7 28. Rc1 Rb8 29. Re4 Rb5 30. Rc8+ Kg7 31. Re8 Rxd5 32. R8xe7 Rxe7 33. Rxe7 a5 34. Rb7 axb4 35. axb4 Rd1+ 36. Kf2 Rd2+ 37. Kf3 d5 38. b5 Rb2 39. b6 h5 40. Rb8 Rb3+ 41. Ke2 Rb2+ 42. Kd3 Kf6 43. Kd4 Ke6 44. b7 Kd7 45. Rf8 Kc7 46. Rxf7+ Kb8 47. g4 Rd2+ 48. Kc5 hxg4 49. hxg4 d4 50. g5 d3 51. Kc4 Rd1 52. Kc3 Ka7 53. f5 gxf5 54. g6 Rg1 55. g7 f4 56. b8Q+ Kxb8 57. Rf8+ 1-0

[Event "Barcelona Sant Marti op 9th"]
[Site "Barcelona"]
[Date "2020.01.23"]
[Round "2"]
[White "Gomez Parla, Josep"]
[Black "Munoz Prior, Marcelo"]
[Result "1/2-1/2"]
[WhiteElo "1725"]
[BlackElo "1510"]
[PlyCount "116"]
[EventDate "2020.01.16"]
[EventType "swiss"]
[EventRounds "9"]
[EventCountry "ESP"]
[SourceTitle "CBM 195 Extra"]
[Source "ChessBase"]
[SourceDate "2020.05.31"]
[SourceVersion "1"]
[SourceVersionDate "2020.05.31"]
[SourceQuality "1"]

1. e4 b6 2. d4 Bb7 3. Nc3 e6 4. Nf3 a6 5. Bd3 d6 6. 0-0 g6 7. Bg5 Qc8 8. e5 h6 9. Be3 Ne7 10. Ne4 Bg7 11. exd6 Nf5 12. dxc7 Qxc7 13. Qd2 Nxe3 14. fxe3 Nd7 15. c4 Rd8 16. Qf2 Nc5 17. Nxc5 bxc5 18. Bc2 0-0 19. Rad1 Bxf3 20. gxf3 cxd4 21. exd4 Qxc4 22. Bb3 Qb4 23. d5 exd5 24. Kg2 Rd7 25. Rd3 d4 26. Rfd1 Re8 27. Qc2 Rde7 28. R1d2 Qb7 29. Ba4 Re3 30. Rf2 R8e6 31. Bb3 R6e5 32. Rxe3 Rg5+ 33. Kh1 dxe3 34. Rf1 Kh7 35. Qe4 Qa7 36. f4 Rf5 37. Re1 Bd4 38. Bc2 Qc5 39. b3 Rf6 40. Bd3 Re6 41. Qf3 Qc3 42. Qe2 Qc6+ 43. Kg1 Rf6 44. Rf1 Qc3 45. Kg2 Qd2 46. Kf3 Be5 47. f5 Qxe2+ 48. Kxe2 Kg7 49. h3 a5 50. Kxe3 gxf5 51. Rxf5 Rxf5 52. Bxf5 Kf6 53. Ke4 Bc3 54. Bg4 Ke7 55. Kd5 Kf6 56. Kc4 Bd2 57. Kd5 Ke7 58. Ke5 f6+ 1/2-1/2

[Event "Barcelona Sant Marti op-B 20th"]
[Site "Barcelona"]
[Date "2018.07.17"]
[Round "5"]
[White "Gomez Parla, Josep"]
[Black "Moncunill Calvet, Pol"]
[Result "0-1"]
[WhiteElo "1794"]
[BlackElo "1621"]
[PlyCount "98"]
[EventDate "2018.07.13"]
[EventType "swiss"]
[EventRounds "9"]
[EventCountry "ESP"]
[SourceTitle "EXT 2019"]
[Source "ChessBase"]
[SourceDate "2018.10.10"]
[SourceVersion "1"]
[SourceVersionDate "2018.10.10"]
[SourceQuality "1"]

1. e4 e5 2. f4 exf4 3. Nf3 h6 4. h4 Nf6 5. Nc3 Bb4 6. d3 d6 7. Bxf4 Bg4 8. Be2 Nc6 9. a3 Ba5 10. 0-0 Bb6+ 11. Kh1 g5 12. Bg3 Nh5 13. Bh2 gxh4 14. Nd5 Ng3+ 15. Bxg3 hxg3 16. Nf4 Be3 17. Nh3 Bxh3 18. gxh3 Rg8 19. Kg2 Bf2 20. Qd2 Qf6 21. c3 Ne7 22. Nd4 Ng6 23. Nf5 Nh4+ 24. Nxh4 Qxh4 25. Bg4 Rg6 26. Bf5 Rf6 27. Qe2 Ke7 28. Qg4 Qxg4 29. hxg4 Rd8 30. Rh1 d5 31. e5 Rb6 32. b4 a5 33. d4 a4 34. Rh5 Rc6 35. Rah1 Rxc3 36. Rxh6 Rxa3 37. e6 Ra2 38. Kf3 g2 39. Rc1 c6 40. Rh7 Rf8 41. g5 g1Q 42. Rxg1 Bxg1 43. g6 Kf6 44. g7 Rg8 45. exf7 Kxf7 46. Kf4 Rxg7 47. Be6+ Kf6 48. Rh6+ Ke7 49. Bc8 Rf2+ 0-1

[Event "Barcelona Sant Marti op 6th"]
[Site "Barcelona"]
[Date "2017.02.02"]
[Round "4"]
[White "Gomez Parla, Josep"]
[Black "Permanyer Ugartemendia, Inaki"]
[Result "0-1"]
[WhiteElo "1817"]
[BlackElo "1685"]
[PlyCount "102"]
[EventDate "2017.01.12"]
[EventType "swiss"]
[EventRounds "9"]
[EventCountry "ESP"]
[SourceTitle "EXT 2018"]
[Source "ChessBase"]
[SourceDate "2017.10.13"]
[SourceVersion "1"]
[SourceVersionDate "2017.10.13"]
[SourceQuality "1"]

1. e4 c6 2. f4 d5 3. e5 e6 4. Nf3 Nd7 5. d4 c5 6. c3 Ne7 7. Bd3 cxd4 8. cxd4 Nb6 9. Nc3 Ng6 10. h4 Ne7 11. a4 a6 12. a5 Nc4 13. Bxc4 dxc4 14. Qa4+ Bd7 15. Qxc4 Rc8 16. Qe2 Nc6 17. Be3 Nxa5 18. Nd2 Bb4 19. Qg4 0-0 20. Nce4 Rc2 21. 0-0 Nc4 22. Nxc4 Rxc4 23. Nf6+ Kh8 24. Nxd7 Qxd7 25. h5 Rc2 26. h6 g6 27. Rf2 Rfc8 28. Rxc2 Rxc2 29. Rc1 Rxc1+ 30. Bxc1 Qxd4+ 31. Kh2 Be7 32. Qf3 Qd5 33. Qc3 Qc6 34. Qd2 f6 35. exf6 Bxf6 36. Qb4 Kg8 37. Be3 e5 38. Bc5 Qb5 39. Qc3 Qe2 40. Qb3+ Kh8 41. Bf8 exf4 42. Bg7+ Bxg7 43. hxg7+ Kxg7 44. Qxb7+ Kh6 45. Qb8 f3 46. Qf8+ Kh5 47. Qc5+ g5 48. Qg1 Qxg2+ 49. Qxg2 fxg2 50. Kxg2 Kg4 51. b4 h5 0-1

[Event "Barcelona Sant Marti op-B 4th"]
[Site "Barcelona"]
[Date "2015.03.05"]
[Round "8"]
[White "Cervera Lopez, Miguel"]
[Black "Gomez Parla, Josep"]
[Result "0-1"]
[WhiteElo "1794"]
[BlackElo "2030"]
[PlyCount "190"]
[EventDate "2015.01.15"]
[EventType "swiss"]
[EventRounds "9"]
[EventCountry "ESP"]
[SourceTitle "EXT 2016"]
[Source "ChessBase"]
[SourceDate "2015.10.08"]
[SourceVersion "1"]
[SourceVersionDate "2015.10.08"]
[SourceQuality "1"]

1. e4 d6 2. d4 Nf6 3. Nc3 g6 4. Bg5 Bg7 5. Qd2 Nc6 6. Nf3 Bg4 7. Bb5 Bxf3 8. Bxc6+ bxc6 9. gxf3 h6 10. Be3 Rb8 11. 0-0-0 Qc8 12. Ne2 Qb7 13. c3 Qa6 14. Kb1 Qb5 15. Rhg1 Nd7 16. f4 Nb6 17. Qd3 Qxd3+ 18. Rxd3 Nc4 19. b3 a5 20. Bc1 a4 21. Kc2 axb3+ 22. axb3 Na5 23. c4 Ra8 24. f5 g5 25. h4 f6 26. h5 Nb7 27. Bb2 c5 28. d5 Kd7 29. Nc3 Rhb8 30. Nb5 Nd8 31. f4 Nf7 32. fxg5 hxg5 33. Rh3 Bh6 34. Rg4 Ra6 35. Na3 Ne5 36. Bxe5 Rxa3 37. Bb2 Ra2 38. Rh1 Ra7 39. Rh3 Rh8 40. Kb1 Rh7 41. Rh1 Rh8 42. Bc1 c6 43. Kb2 cxd5 44. exd5 Rha8 45. Rg2 Rf8 46. Bd2 Rd8 47. Kb1 Rda8 48. Rg4 Ra3 49. Kb2 R8a6 50. Kc3 Ra1 51. Rgg1 Rxg1 52. Rxg1 Ke8 53. Kb2 Kf7 54. Rg4 Kg7 55. Bc3 Kh7 56. Re4 Ra7 57. Re1 Bf8 58. Bd2 Bh6 59. Bc3 Kg7 60. Re4 Kf7 61. b4 cxb4 62. Bxb4 Rb7 63. Kb3 Rb8 64. Kc3 Rg8 65. Rg4 Bf8 66. c5 dxc5 67. Bxc5 Kg7 68. Rg2 Kh6 69. Be3 Kxh5 70. Kd4 Kh6 71. Ke4 Kg7 72. Bd4 Kf7 73. Rh2 Bg7 74. Rh7 Re8 75. Rh1 Rh8 76. Rxh8 Bxh8 77. Kf3 Ke8 78. Ke4 Kd7 79. Bf2 Bg7 80. Bg3 Bh6 81. Kf3 g4+ 82. Kxg4 Bd2 83. Kf3 Bb4 84. Ke4 Bc5 85. Bf4 Bd6 86. Bxd6 Kxd6 87. Kd4 Kd7 88. Kc5 Kc7 89. Kd4 Kd6 90. Ke4 Kc5 91. d6 exd6 92. Kf4 d5 93. Kg4 d4 94. Kh5 Kd5 95. Kg6 Ke5 0-1

[Event "Barcelona Sant Marti op-B 4th"]
[Site "Barcelona"]
[Date "2015.02.26"]
[Round "7"]
[White "Gomez Parla, Josep"]
[Black "Garcia Gonzalez, Juan"]
[Result "1-0"]
[WhiteElo "2030"]
[BlackElo "1820"]
[PlyCount "93"]
[EventDate "2015.01.15"]
[EventType "swiss"]
[EventRounds "9"]
[EventCountry "ESP"]
[SourceTitle "EXT 2016"]
[Source "ChessBase"]
[SourceDate "2015.10.08"]
[SourceVersion "1"]
[SourceVersionDate "2015.10.08"]
[SourceQuality "1"]

1. e4 e6 2. d4 d5 3. Nc3 dxe4 4. Nxe4 Bd7 5. Nf3 Bc6 6. Bd3 Nd7 7. 0-0 Ngf6 8. Nxf6+ Qxf6 9. Be2 Qd8 10. c4 Bxf3 11. Bxf3 c6 12. Re1 Bb4 13. Re2 0-0 14. a3 Be7 15. Bf4 Nf6 16. Rd2 Qa5 17. b4 Qf5 18. Bg3 Rfd8 19. Qe2 Bd6 20. Bxd6 Rxd6 21. Rad1 Re8 22. Qe5 Red8 23. Qxf5 exf5 24. Kf1 Kf8 25. a4 Ne4 26. Bxe4 fxe4 27. Ke2 Ke7 28. Ke3 f5 29. f3 exf3 30. Kxf3 g5 31. h3 h5 32. b5 c5 33. d5 h4 34. Re2+ Kf6 35. Rde1 R8d7 36. a5 b6 37. Re6+ Rxe6 38. Rxe6+ Kf7 39. axb6 Rb7 40. bxa7 Rxa7 41. Ra6 Re7 42. Rc6 Re4 43. Rxc5 g4+ 44. hxg4 Kf6 45. gxf5 Re5 46. b6 Kxf5 47. b7 1-0

[Event "Barcelona Sant Marti op-B 4th"]
[Site "Barcelona"]
[Date "2015.01.22"]
[Round "2"]
[White "Gomez Parla, Josep"]
[Black "Molina Taberner, Jordi"]
[Result "1-0"]
[WhiteElo "2030"]
[BlackElo "1700"]
[PlyCount "61"]
[EventDate "2015.01.15"]
[EventType "swiss"]
[EventRounds "9"]
[EventCountry "ESP"]
[SourceTitle "EXT 2016"]
[Source "ChessBase"]
[SourceDate "2015.10.08"]
[SourceVersion "1"]
[SourceVersionDate "2015.10.08"]
[SourceQuality "1"]

1. e4 d5 2. exd5 Qxd5 3. Nc3 Qa5 4. d4 c6 5. Bc4 Nf6 6. Bd2 Qc7 7. Nf3 h6 8. Ne5 e6 9. Qe2 Bd6 10. 0-0-0 Nbd7 11. Nxf7 Nf8 12. Nxh8 Qb6 13. Na4 Qxd4 14. Be3 Qe5 15. Rxd6 Qxd6 16. Bc5 Qf4+ 17. Kb1 Ne4 18. Be3 Qc7 19. Bd3 Nf6 20. Ng6 Nxg6 21. Bxg6+ Kd8 22. Rd1+ Bd7 23. Nc5 Ke7 24. g3 Nd5 25. c4 Nf6 26. Bf4 Qb6 27. Bd6+ Kd8 28. Nxd7 Nxd7 29. Qxe6 Kc8 30. Bf5 Qd8 31. Bf4 1-0

[Event "Barcelona Sant Marti op 5th"]
[Site "Barcelona"]
[Date "2014.09.13"]
[Round "2.4"]
[White "Uribe Arteaga, Daniel"]
[Black "Gomez Parla, Josep"]
[Result "1-0"]
[WhiteElo "2260"]
[BlackElo "2051"]
[PlyCount "86"]
[EventDate "2014.09.13"]
[EventType "swiss"]
[EventRounds "9"]
[EventCountry "ESP"]
[SourceTitle "EXT 2024"]
[Source "ChessBase"]
[SourceDate "2023.10.10"]
[SourceVersion "1"]
[SourceVersionDate "2023.10.10"]
[SourceQuality "1"]

1. b3 Nf6 2. Bb2 e6 3. Nf3 Be7 4. e3 d5 5. c4 dxc4 6. Bxc4 Nc6 7. 0-0 a6 8. d4 b5 9. Bd3 Bb7 10. Nbd2 0-0 11. Qe2 Nb4 12. Bb1 c6 13. e4 a5 14. a3 Na6 15. Bd3 Nc7 16. Rac1 a4 17. b4 h6 18. Ne5 Qe8 19. Ng4 Nxg4 20. Qxg4 Bf6 21. e5 Bg5 22. Ne4 Be7 23. Nf6+ Bxf6 24. exf6 g6 25. Qf4 Kh7 26. Qxc7 Rb8 27. h4 Qd8 28. Qf4 Qd5 29. Rc5 e5 30. Qc1 Qb3 31. Bc2 Qe6 32. Rxe5 Qxf6 33. Rh5 Qg7 34. d5 f6 35. dxc6 Bxc6 36. Rc5 Be8 37. h5 Kh8 38. hxg6 Bxg6 39. Bxg6 Qxg6 40. Qf4 Rb6 41. Re1 Rg8 42. g3 Qg4 43. Bxf6+ Kh7 1-0

[Event "Barcelona Sant Marti op 10th"]
[Site "Barcelona"]
[Date "2008.09.08"]
[Round "7"]
[White "Ridameya Tatche, Jose Miguel"]
[Black "Gomez Parla, Josep"]
[Result "1-0"]
[WhiteElo "2133"]
[BlackElo "1888"]
[PlyCount "63"]
[EventDate "2008.09.01"]
[EventType "swiss"]
[EventRounds "9"]
[EventCountry "ESP"]
[SourceTitle "EXT 2009"]
[Source "ChessBase"]
[SourceDate "2008.11.26"]
[SourceVersion "1"]
[SourceVersionDate "2008.11.26"]
[SourceQuality "1"]

1. e4 d6 2. d4 Nf6 3. Nc3 g6 4. Bg5 Bg7 5. e5 dxe5 6. dxe5 Qxd1+ 7. Rxd1 Ng4 8. h3 Bxe5 9. hxg4 f6 10. Bd2 Bxg4 11. Be2 Bf5 12. Rc1 Kf7 13. Bc4+ e6 14. Nf3 Nc6 15. Nh4 Na5 16. Be2 g5 17. Nxf5 exf5 18. Bd3 Rae8 19. Kf1 Nc6 20. Bxf5 Nd4 21. Bd3 c6 22. Be3 b5 23. Re1 Ne6 24. Rxh7+ Rxh7 25. Bxh7 Rh8 26. Be4 Nd8 27. g3 a5 28. Rd1 Ke6 29. g4 Ke7 30. Bc5+ Kf7 31. Rd7+ Ke8 32. Re7+ 1-0

[Event "Barcelona Sant Marti op 10th"]
[Site "Barcelona"]
[Date "2008.09.05"]
[Round "5"]
[White "Prats Rodriguez, Juan Bosco"]
[Black "Gomez Parla, Josep"]
[Result "1/2-1/2"]
[WhiteElo "2101"]
[BlackElo "1888"]
[PlyCount "128"]
[EventDate "2008.09.01"]
[EventType "swiss"]
[EventRounds "9"]
[EventCountry "ESP"]
[SourceTitle "EXT 2009"]
[Source "ChessBase"]
[SourceDate "2008.11.26"]
[SourceVersion "1"]
[SourceVersionDate "2008.11.26"]
[SourceQuality "1"]

1. e4 d6 2. d4 Nf6 3. Nc3 g6 4. Nf3 Bg7 5. h3 0-0 6. Be3 c6 7. a4 Qa5 8. Bd3 Na6 9. 0-0 Bd7 10. Qd2 Rfe8 11. Rfe1 e5 12. dxe5 dxe5 13. Bh6 Rad8 14. Bxg7 Kxg7 15. Qe2 Nb4 16. Bc4 Be6 17. Bxe6 Rxe6 18. Red1 Ree8 19. Rxd8 Rxd8 20. Rd1 Rxd1+ 21. Qxd1 Qc7 22. g4 h6 23. Kg2 Na6 24. Qd3 Nc5 25. Qc4 Qd6 26. b4 Ne6 27. b5 Nf4+ 28. Kg3 Nd7 29. a5 f6 30. Nh4 Qc5 31. Qxc5 Nxc5 32. Ng2 Nfe6 33. a6 cxb5 34. axb7 Nxb7 35. Nxb5 a6 36. Na3 Nec5 37. f3 a5 38. Kf2 Kf7 39. Ke2 Ke6 40. Ne3 Kd6 41. Kd2 Kc6 42. Nd5 f5 43. gxf5 gxf5 44. Ne7+ Kd7 45. Nxf5 h5 46. Ng7 h4 47. Nf5 Ne6 48. Nc4 Ng5 49. Nxh4 Ke6 50. Kc3 Nxh3 51. Kb3 Kf6 52. Ng2 Ng1 53. Ne1 Ne2 54. c3 Nc5+ 55. Kc2 Na4 56. Nd3 Naxc3 57. Ndxe5 a4 58. Nd3 Nb5 59. Kb2 Kg5 60. Nc1 Nxc1 61. Kxc1 Nd4 62. Nd2 Kf4 63. Kb2 Nxf3 64. Nxf3 Kxe4 1/2-1/2